01073 2200169 4500245011300000250001100113100001600124650001000140650001300150005001900163260004300182041001400225084001200239300002800251500061500279336000900894 aBerpikir Juara b : Panduan bagi Atlet Mencapai Performa Puncak di Semua Cabang OlahragacBell, KeithhText aCet. 1 aBell, Keith aAtlet aOlahraga a20230929082907 aJakartabSatlak Prima Utama Mudac2011 aIndonesia a796.092 axvi, 242 hlm. :c23 cm. aDi dalam buku ini berisi tentang panduan-panduan praktis untuk mencapai performa puncak. Performa puncak dalam dunia olaharag merupakan suatu hal yang menyenangkan, sangat bermanfaat, dan pemikiran yang cenderung untuk terus meraba dan mencari lagi momen yang istimewa itu.Buku ini terdiri dari dua bagian. Bagian pertama, berisi tentang identifikasi tantang-tantangan psikologis yang akan ditemui sebagai seorang atletdan menyediakan saran-saran praktis untuk menghadapinya. Bagian kedua, berisi tentang alat-alat psikologis yang akan diperlukan seorang atlet ketika berhadapan dengan tantangan-tantangan itu. atext